| 000 | 00432cam a2200181ua 4500 | ||
|---|---|---|---|
| 020 | _c4.00 | ||
| 041 |
_ahin _h |
||
| 082 |
_a891.43 _bDEV/AD |
||
| 100 | _aDevraj, . | ||
| 245 |
_aAdhunik Sameeksha:Kuch samasyayem / _cDevraj. _hTextual Documents |
||
| 250 |
_a1 / _b. |
||
| 260 |
_aDelhi : _bRajpal and sanch , _c1961. |
||
| 300 | _a146 ; . | ||
| 365 | _a4.00 | ||
| 504 | _a | ||
| 942 | _cBK | ||
| 999 |
_c12745 _d12745 |
||